[Event "ODJM B 2024"]
[Site "Willingen GER"]
[Date "2024.05.19"]
[Round "1"]
[White "Eitel, Luc"]
[Black "Pflug, Anton"]
[Result "1-0"]
[Termination "normal"]
[Board "19"]
[WhiteElo "1734"]
[BlackElo "1655"]
[WhiteClock "00:04:49"]
[BlackClock "00:28:17"]
[PlyCount "83"]
[WhiteFideId "16299728"]
[BlackFideId "34611495"]
[EventCountry "GER"]
[EventRounds "9"]
[EventType "swiss"]
[EventDate "2024.05.18"]

1. e4 {[%clk 01:30:57]} {[%emt 00:00:02]} e5 {[%clk 01:30:54]} {[%emt
00:00:07]} 2. Nf3 {[%clk 01:31:23]} {[%emt 00:00:04]} Nc6 {[%clk 01:31:12]}
{[%emt 00:00:12]} 3. Bc4 {[%clk 01:31:46]} {[%emt 00:00:05]} Bc5 {[%clk
01:31:33]} {[%emt 00:00:11]} 4. c3 {[%clk 01:32:11]} {[%emt 00:00:05]} Nf6
{[%clk 01:31:59]} {[%emt 00:00:04]} 5. d3 {[%clk 01:32:37]} {[%emt 00:00:04]}
O-O {[%clk 01:32:06]} {[%emt 00:00:22]} 6. O-O {[%clk 01:33:01]} {[%emt
00:00:06]} d5 {[%clk 01:32:12]} {[%emt 00:00:25]} 7. exd5 {[%clk 01:33:21]}
{[%emt 00:00:10]} Nxd5 {[%clk 01:32:35]} {[%emt 00:00:07]} 8. Re1 {[%clk
01:33:29]} {[%emt 00:00:20]} Bg4 {[%clk 01:29:57]} {[%emt 00:03:10]} 9. Nbd2
{[%clk 01:26:07]} {[%emt 00:07:52]} Nb6 {[%clk 01:26:38]} {[%emt 00:03:49]} 10.
Bb3 {[%clk 01:22:59]} {[%emt 00:03:38]} Kh8 {[%clk 01:22:59]} {[%emt 00:04:09]}
11. Ne4 {[%clk 01:19:01]} {[%emt 00:04:28]} Be7 {[%clk 01:20:57]} {[%emt
00:02:32]} 12. h3 {[%clk 01:16:37]} {[%emt 00:02:53]} Bh5 {[%clk 01:17:37]}
{[%emt 00:03:50]} 13. Ng3 {[%clk 01:13:40]} {[%emt 00:03:26]} Bg6 {[%clk
01:09:06]} {[%emt 00:09:02]} 14. Nxe5 {[%clk 01:08:13]} {[%emt 00:05:57]} Nxe5
{[%clk 01:09:15]} {[%emt 00:00:21]} 15. Rxe5 {[%clk 01:08:36]} {[%emt
00:00:06]} Bd6 {[%clk 01:09:42]} {[%emt 00:00:04]} 16. Re3 {[%clk 01:02:13]}
{[%emt 00:06:03]} f5 {[%clk 01:08:02]} {[%emt 00:03:00]} 17. Re6 {[%clk
00:55:11]} {[%emt 00:07:29]} Nd7 {[%clk 01:03:59]} {[%emt 00:04:36]} 18. d4
{[%clk 00:52:44]} {[%emt 00:02:57]} f4 {[%clk 00:57:16]} {[%emt 00:07:14]} 19.
Nf1 {[%clk 00:38:19]} {[%emt 00:14:54]} Bf5 {[%clk 00:54:35]} {[%emt 00:03:11]}
20. Re1 {[%clk 00:28:22]} {[%emt 00:10:27]} Qh4 {[%clk 00:49:44]} {[%emt
00:05:21]} 21. Be6 {[%clk 00:24:20]} {[%emt 00:04:32]} Bxe6 {[%clk 00:47:50]}
{[%emt 00:02:24]} 22. Rxe6 {[%clk 00:24:29]} {[%emt 00:00:21]} f3 {[%clk
00:47:58]} {[%emt 00:00:22]} 23. Qc2 {[%clk 00:19:14]} {[%emt 00:05:37]} Nf6
{[%clk 00:40:05]} {[%emt 00:08:31]} 24. Be3 {[%clk 00:12:48]} {[%emt 00:06:56]}
fxg2 {[%clk 00:37:27]} {[%emt 00:03:08]} 25. Kxg2 {[%clk 00:12:33]} {[%emt
00:00:45]} Nh5 {[%clk 00:37:31]} {[%emt 00:00:26]} 26. Re4 {[%clk 00:10:17]}
{[%emt 00:02:46]} Nf4+ {[%clk 00:37:20]} {[%emt 00:00:40]} 27. Bxf4 {[%clk
00:09:48]} {[%emt 00:01:00]} Rxf4 {[%clk 00:36:58]} {[%emt 00:00:52]} 28. Rxf4
{[%clk 00:09:24]} {[%emt 00:00:54]} Qxf4 {[%emt 00:00:41]} 29. Re1 {[%clk
00:09:15]} Rf8 {[%clk 00:37:32]} {[%emt 00:00:24]} 30. Qe2 {[%clk 00:08:41]}
{[%emt 00:01:03]} Rf6 {[%clk 00:35:06]} {[%emt 00:02:57]} 31. Qe3 {[%clk
00:05:57]} {[%emt 00:03:13]} Rg6+ {[%clk 00:33:03]} {[%emt 00:02:34]} 32. Ng3
{[%clk 00:05:58]} {[%emt 00:00:29]} Qf5 {[%clk 00:32:43]} {[%emt 00:00:50]} 33.
Qe8+ {[%clk 00:05:23]} {[%emt 00:00:58]} Bf8 {[%clk 00:33:10]} {[%emt
00:00:10]} 34. Re5 {[%clk 00:04:44]} {[%emt 00:01:09]} Qf6 {[%clk 00:32:42]}
{[%emt 00:00:58]} 35. Re3 {[%clk 00:04:14]} {[%emt 00:00:57]} Qd6 {[%clk
00:31:10]} {[%emt 00:02:05]} 36. Rf3 {[%clk 00:04:09]} {[%emt 00:00:35]} Rf6
{[%clk 00:31:18]} {[%emt 00:00:22]} 37. Ne4 {[%clk 00:04:05]} {[%emt 00:00:34]}
Qe7 {[%clk 00:26:37]} {[%emt 00:05:11]} 38. Qxe7 {[%clk 00:04:00]} {[%emt
00:00:35]} Bxe7 {[%clk 00:27:05]} {[%emt 00:00:01]} 39. Nxf6 {[%clk 00:04:16]}
{[%emt 00:00:14]} Bxf6 {[%clk 00:27:29]} {[%emt 00:00:06]} 40. Re3 {[%clk
00:04:33]} {[%emt 00:00:14]} Kg8 {[%clk 00:27:53]} {[%emt 00:00:06]} 41. Re8+
{[%clk 00:04:33]} {[%emt 00:00:29]} Kf7 {[%clk 00:28:17]} {[%emt 00:00:07]} 42.
Rc8 {[%clk 00:04:49]} {[%emt 00:00:13]} 1-0

[Event "ODJM B 2024"]
[Site "Willingen GER"]
[Date "2024.05.19"]
[Round "1"]
[White "Li, Joshua"]
[Black "Klein, Raphael"]
[Result "0-1"]
[Termination "normal"]
[Board "20"]
[WhiteElo "1601"]
[BlackElo "1673"]
[WhiteClock "00:07:09"]
[BlackClock "00:08:37"]
[PlyCount "168"]
[WhiteFideId "34623639"]
[BlackFideId "16283791"]
[EventCountry "GER"]
[EventRounds "9"]
[EventType "swiss"]
[EventDate "2024.05.18"]

1. e4 {[%clk 01:30:59]} c5 {[%clk 01:30:53]} {[%emt 00:00:07]} 2. Nf3 {[%clk
01:31:26]} {[%emt 00:00:03]} e6 {[%clk 01:31:19]} {[%emt 00:00:04]} 3. d4
{[%clk 01:31:52]} {[%emt 00:00:04]} cxd4 {[%clk 01:31:45]} {[%emt 00:00:04]} 4.
Nxd4 {[%clk 01:32:19]} {[%emt 00:00:03]} Nc6 {[%clk 01:32:08]} {[%emt
00:00:07]} 5. Nc3 {[%clk 01:32:46]} {[%emt 00:00:04]} Qc7 {[%clk 01:32:30]}
{[%emt 00:00:07]} 6. Be2 {[%clk 01:17:46]} {[%emt 00:15:30]} a6 {[%clk
01:31:38]} {[%emt 00:01:22]} 7. O-O {[%clk 01:17:35]} {[%emt 00:00:41]} Nf6
{[%clk 01:29:14]} {[%emt 00:02:54]} 8. Bg5 {[%clk 01:17:37]} {[%emt 00:00:29]}
Be7 {[%clk 01:29:04]} {[%emt 00:00:40]} 9. Re1 {[%clk 01:17:16]} {[%emt
00:00:51]} O-O {[%clk 01:25:54]} {[%emt 00:03:39]} 10. Bf3 {[%clk 01:14:57]}
{[%emt 00:02:49]} Ne5 {[%clk 01:22:24]} {[%emt 00:04:00]} 11. Be2 {[%clk
01:11:57]} {[%emt 00:03:31]} Ng6 {[%clk 01:16:23]} {[%emt 00:06:29]} 12. Bd3
{[%clk 01:04:42]} {[%emt 00:07:46]} h6 {[%clk 01:15:50]} {[%emt 00:01:03]} 13.
Bd2 {[%clk 01:04:22]} {[%emt 00:00:51]} Bc5 {[%clk 01:03:21]} {[%emt 00:12:57]}
14. Nb3 {[%clk 01:03:59]} {[%emt 00:00:54]} Bd6 {[%clk 00:50:48]} {[%emt
00:13:03]} 15. h3 {[%clk 01:03:53]} {[%emt 00:00:37]} b5 {[%clk 00:47:35]}
{[%emt 00:03:43]} 16. Ne2 {[%clk 00:52:44]} {[%emt 00:11:38]} Bb7 {[%clk
00:37:46]} {[%emt 00:10:19]} 17. Ned4 {[%clk 00:51:18]} {[%emt 00:01:56]} Ne5
{[%clk 00:34:40]} {[%emt 00:03:36]} 18. Rc1 {[%clk 00:46:10]} {[%emt 00:05:38]}
Qb8 {[%clk 00:32:30]} {[%emt 00:02:40]} 19. Na5 {[%clk 00:44:13]} {[%emt
00:02:27]} Bc5 {[%clk 00:25:48]} {[%emt 00:07:12]} 20. Ndb3 {[%clk 00:43:53]}
{[%emt 00:00:50]} Bb6 {[%clk 00:25:36]} {[%emt 00:00:41]} 21. Bf4 {[%clk
00:43:43]} {[%emt 00:00:41]} Bc7 {[%clk 00:23:57]} {[%emt 00:02:09]} 22. Nxb7
{[%clk 00:35:25]} {[%emt 00:08:49]} Qxb7 {[%clk 00:24:15]} {[%emt 00:00:11]}
23. Bxe5 {[%clk 00:27:23]} {[%emt 00:08:31]} Bxe5 {[%clk 00:24:24]} {[%emt
00:00:21]} 24. c3 {[%clk 00:27:45]} {[%emt 00:00:09]} Rad8 {[%clk 00:22:46]}
{[%emt 00:02:07]} 25. Qd2 {[%clk 00:27:04]} {[%emt 00:01:12]} Qb6 {[%clk
00:18:06]} {[%emt 00:05:11]} 26. Rcd1 {[%clk 00:21:16]} {[%emt 00:06:18]} Nh5
{[%clk 00:15:30]} {[%emt 00:03:03]} 27. Qe3 {[%clk 00:19:01]} {[%emt 00:02:48]}
Qxe3 {[%clk 00:12:40]} {[%emt 00:03:19]} 28. Rxe3 {[%clk 00:19:03]} {[%emt
00:00:26]} Nf4 {[%clk 00:12:17]} {[%emt 00:00:54]} 29. Bc2 {[%clk 00:18:41]}
{[%emt 00:00:53]} Bc7 {[%clk 00:08:41]} {[%emt 00:04:06]} 30. Rf3 {[%clk
00:15:06]} {[%emt 00:04:05]} Ng6 {[%clk 00:08:30]} {[%emt 00:00:41]} 31. Rfd3
{[%clk 00:13:55]} {[%emt 00:01:42]} Ne5 {[%clk 00:08:28]} {[%emt 00:00:31]} 32.
Rd4 {[%clk 00:13:04]} {[%emt 00:01:21]} d6 {[%clk 00:07:45]} {[%emt 00:01:13]}
33. Nd2 {[%clk 00:08:20]} {[%emt 00:05:14]} Nc6 {[%clk 00:07:29]} {[%emt
00:00:46]} 34. Rd3 {[%clk 00:08:39]} {[%emt 00:00:10]} Ne5 {[%clk 00:07:31]}
{[%emt 00:00:29]} 35. Rd4 {[%clk 00:08:23]} {[%emt 00:00:46]} Bb6 {[%clk
00:07:35]} {[%emt 00:00:26]} 36. Rb4 {[%clk 00:08:39]} {[%emt 00:00:13]} Bc5
{[%clk 00:07:34]} {[%emt 00:00:32]} 37. Rb3 {[%clk 00:08:44]} {[%emt 00:00:24]}
Nc6 {[%clk 00:07:48]} {[%emt 00:00:17]} 38. c4 {[%clk 00:08:04]} {[%emt
00:01:10]} Nd4 {[%clk 00:07:28]} {[%emt 00:00:49]} 39. Bd3 {[%clk 00:06:04]}
{[%emt 00:02:30]} b4 {[%clk 00:06:24]} {[%emt 00:01:35]} 40. Bf1 {[%clk
00:04:44]} {[%emt 00:01:50]} Nxb3 {[%clk 00:05:33]} {[%emt 00:01:21]} 41. Nxb3
{[%clk 00:05:09]} {[%emt 00:00:04]} f6 {[%clk 00:01:51]} {[%emt 00:04:13]} 42.
Nd4 {[%clk 00:05:09]} {[%emt 00:00:30]} Kf7 {[%clk 00:01:28]} {[%emt 00:00:52]}
43. Be2 {[%clk 00:05:15]} {[%emt 00:00:24]} Rc8 {[%clk 00:25:25]} {[%emt
00:06:33]} 44. Kf1 {[%clk 00:34:49]} {[%emt 00:00:57]} Ke7 {[%clk 00:20:06]}
{[%emt 00:05:48]} 45. b3 {[%clk 00:30:14]} {[%emt 00:05:05]} f5 {[%clk
00:18:22]} {[%emt 00:02:14]} 46. exf5 {[%clk 00:29:56]} {[%emt 00:00:49]} Bxd4
{[%clk 00:18:32]} {[%emt 00:00:19]} 47. Rxd4 {[%clk 00:30:10]} {[%emt
00:00:17]} Rxf5 {[%clk 00:18:54]} {[%emt 00:00:08]} 48. Bg4 {[%clk 00:30:00]}
{[%emt 00:00:40]} Rf6 {[%clk 00:19:09]} {[%emt 00:00:15]} 49. Re4 {[%clk
00:30:07]} {[%emt 00:00:23]} Rc5 {[%clk 00:19:27]} {[%emt 00:00:12]} 50. Bf3
{[%clk 00:29:55]} {[%emt 00:00:42]} Ra5 {[%clk 00:18:34]} {[%emt 00:01:23]} 51.
Re2 {[%clk 00:30:06]} {[%emt 00:00:19]} Rff5 {[%clk 00:18:39]} {[%emt
00:00:24]} 52. Bc6 {[%emt 00:01:45]} Rfe5 {[%clk 00:18:18]} {[%emt 00:00:49]}
53. Rd2 {[%clk 00:27:38]} {[%emt 00:01:46]} g5 {[%clk 00:15:54]} {[%emt
00:02:53]} 54. f3 {[%clk 00:27:41]} {[%emt 00:00:29]} d5 {[%clk 00:15:53]}
{[%emt 00:00:30]} 55. cxd5 {[%clk 00:27:32]} {[%emt 00:00:38]} exd5 {[%clk
00:16:12]} {[%emt 00:00:12]} 56. Kf2 {[%clk 00:27:37]} {[%emt 00:00:25]} Kd6
{[%clk 00:16:12]} {[%emt 00:00:29]} 57. Ba4 {[%clk 00:27:27]} {[%emt 00:00:41]}
Rc5 {[%clk 00:15:41]} {[%emt 00:01:01]} 58. Kg3 {[%clk 00:27:42]} {[%emt
00:00:14]} Rc7 {[%clk 00:13:48]} {[%emt 00:02:23]} 59. Kg4 {[%clk 00:27:48]}
{[%emt 00:00:25]} Rf7 {[%clk 00:12:08]} {[%emt 00:02:10]} 60. Rc2 {[%clk
00:27:15]} {[%emt 00:01:03]} Rc7 {[%clk 00:10:54]} {[%emt 00:01:43]} 61. Rd2
{[%clk 00:27:31]} {[%emt 00:00:15]} Ke7 {[%clk 00:09:28]} {[%emt 00:01:56]} 62.
Kh5 {[%clk 00:27:25]} {[%emt 00:00:36]} Kf6 {[%clk 00:08:57]} {[%emt 00:01:01]}
63. Kg4 {[%clk 00:15:49]} {[%emt 00:12:06]} h5+ {[%clk 00:08:59]} {[%emt
00:00:28]} 64. Kg3 {[%clk 00:15:30]} {[%emt 00:00:49]} Re6 {[%clk 00:05:22]}
{[%emt 00:04:07]} 65. h4 {[%clk 00:10:16]} {[%emt 00:05:44]} Rd6 {[%clk
00:05:11]} {[%emt 00:00:41]} 66. Be8 {[%clk 00:09:49]} {[%emt 00:00:57]} d4
{[%clk 00:05:22]} {[%emt 00:00:20]} 67. Bxh5 {[%clk 00:08:40]} {[%emt
00:01:38]} d3 {[%clk 00:04:39]} {[%emt 00:01:12]} 68. Kf2 {[%clk 00:08:13]}
{[%emt 00:00:58]} gxh4 {[%clk 00:03:55]} {[%emt 00:01:14]} 69. Bg4 {[%clk
00:08:02]} {[%emt 00:00:41]} Kg5 {[%clk 00:03:55]} {[%emt 00:00:30]} 70. Ke3
{[%clk 00:07:45]} {[%emt 00:00:47]} Re7+ {[%clk 00:04:19]} {[%emt 00:00:05]}
71. Kf2 {[%clk 00:07:51]} {[%emt 00:00:23]} Kf4 {[%clk 00:04:48]} {[%emt
00:00:03]} 72. Bh5 {[%clk 00:06:00]} {[%emt 00:02:21]} Rc7 {[%clk 00:05:09]}
{[%emt 00:00:09]} 73. Bg4 {[%clk 00:04:12]} {[%emt 00:02:18]} Rc2 {[%clk
00:05:32]} {[%emt 00:00:07]} 74. Ke1 {[%clk 00:04:29]} {[%emt 00:00:13]} Ke3
{[%clk 00:05:58]} {[%emt 00:00:03]} 75. Rd1 {[%clk 00:04:45]} {[%emt 00:00:14]}
d2+ {[%clk 00:05:59]} {[%emt 00:00:29]} 76. Kf1 {[%clk 00:05:01]} {[%emt
00:00:14]} Rc1 {[%clk 00:06:19]} {[%emt 00:00:10]} 77. f4 {[%clk 00:05:23]}
{[%emt 00:00:09]} Rxd1+ {[%clk 00:06:25]} {[%emt 00:00:24]} 78. Bxd1 {[%clk
00:05:42]} {[%emt 00:00:10]} Rc6 {[%clk 00:06:48]} {[%emt 00:00:06]} 79. g4
{[%clk 00:05:49]} {[%emt 00:00:24]} Rc1 {[%clk 00:07:04]} {[%emt 00:00:14]} 80.
f5 {[%clk 00:06:11]} {[%emt 00:00:08]} Rxd1+ {[%clk 00:07:29]} {[%emt
00:00:06]} 81. Kg2 {[%clk 00:06:35]} {[%emt 00:00:05]} Rf1 {[%clk 00:07:28]}
{[%emt 00:00:31]} 82. Kxf1 {[%clk 00:06:56]} {[%emt 00:00:10]} d1=Q+ {[%clk
00:07:52]} {[%emt 00:00:06]} 83. Kg2 {[%clk 00:07:07]} {[%emt 00:00:18]} Qf3+
{[%clk 00:08:11]} {[%emt 00:00:11]} 84. Kg1 {[%clk 00:07:09]} {[%emt 00:00:28]}
h3 {[%clk 00:08:37]} {[%emt 00:00:04]} 0-1

[Event "ODJM B 2024"]
[Site "Willingen GER"]
[Date "2024.05.19"]
[Round "1"]
[White "Wolterink, Jule"]
[Black "Bock, Leonas"]
[Result "1-0"]
[Termination "normal"]
[Board "21"]
[WhiteElo "1728"]
[BlackElo "1603"]
[WhiteClock "00:05:34"]
[BlackClock "00:03:08"]
[PlyCount "99"]
[WhiteFideId "12981206"]
[BlackFideId "16287118"]
[EventCountry "GER"]
[EventRounds "9"]
[EventType "swiss"]
[EventDate "2024.05.18"]

1. d4 {[%clk 01:30:57]} {[%emt 00:00:02]} d5 {[%clk 01:30:47]} {[%emt
00:00:13]} 2. Nf3 {[%clk 01:31:21]} {[%emt 00:00:06]} Nf6 {[%clk 01:31:04]}
{[%emt 00:00:14]} 3. c3 {[%clk 01:31:46]} {[%emt 00:00:04]} e6 {[%clk
01:31:28]} {[%emt 00:00:06]} 4. Bf4 {[%clk 01:32:11]} {[%emt 00:00:05]} c5
{[%clk 01:31:36]} {[%emt 00:00:22]} 5. e3 {[%clk 01:32:18]} {[%emt 00:00:23]}
Nc6 {[%clk 01:31:36]} {[%emt 00:00:30]} 6. Nbd2 {[%clk 01:30:50]} {[%emt
00:01:59]} Bd6 {[%clk 01:30:58]} {[%emt 00:01:08]} 7. Ne5 {[%clk 01:28:48]}
{[%emt 00:02:32]} Qc7 {[%clk 01:30:15]} {[%emt 00:01:12]} 8. Nxc6 {[%clk
01:27:39]} {[%emt 00:01:39]} bxc6 {[%clk 01:28:15]} {[%emt 00:02:30]} 9. Bxd6
{[%clk 01:27:10]} {[%emt 00:01:00]} Qxd6 {[%clk 01:28:21]} {[%emt 00:00:23]}
10. Nf3 {[%clk 01:26:02]} {[%emt 00:01:38]} cxd4 {[%clk 01:27:41]} {[%emt
00:01:10]} 11. cxd4 {[%clk 01:25:06]} {[%emt 00:01:27]} c5 {[%clk 01:24:38]}
{[%emt 00:03:32]} 12. b3 {[%clk 01:15:23]} {[%emt 00:10:14]} Bd7 {[%clk
01:23:02]} {[%emt 00:02:05]} 13. Rc1 {[%clk 01:08:03]} {[%emt 00:07:50]} Rc8
{[%clk 01:20:34]} {[%emt 00:02:59]} 14. Ne5 {[%clk 01:04:19]} {[%emt 00:04:13]}
cxd4 {[%clk 01:06:28]} {[%emt 00:14:36]} 15. Rxc8+ {[%clk 01:04:48]} {[%emt
00:00:02]} Bxc8 {[%clk 01:06:49]} {[%emt 00:00:09]} 16. Qxd4 {[%clk 01:05:00]}
{[%emt 00:00:18]} O-O {[%clk 01:06:06]} {[%emt 00:01:12]} 17. Bd3 {[%clk
01:00:47]} {[%emt 00:04:43]} Ba6 {[%clk 01:03:19]} {[%emt 00:03:17]} 18. O-O
{[%clk 00:57:42]} {[%emt 00:03:36]} Bxd3 {[%clk 01:01:27]} {[%emt 00:02:22]}
19. Nxd3 {[%clk 00:58:09]} {[%emt 00:00:02]} Qa6 {[%clk 01:00:59]} {[%emt
00:00:58]} 20. Nb4 {[%clk 00:54:32]} {[%emt 00:04:07]} Qd6 {[%clk 00:58:05]}
{[%emt 00:03:24]} 21. Rc1 {[%clk 00:44:31]} {[%emt 00:10:32]} e5 {[%clk
00:52:12]} {[%emt 00:06:23]} 22. Qc5 {[%clk 00:37:28]} {[%emt 00:07:32]} Qxc5
{[%clk 00:48:39]} {[%emt 00:04:03]} 23. Rxc5 {[%clk 00:37:56]} {[%emt
00:00:01]} Rd8 {[%clk 00:42:44]} {[%emt 00:06:25]} 24. Nc6 {[%clk 00:35:34]}
{[%emt 00:02:53]} Re8 {[%clk 00:40:56]} {[%emt 00:02:17]} 25. Nxa7 {[%clk
00:33:03]} {[%emt 00:03:02]} d4 {[%clk 00:39:12]} {[%emt 00:02:13]} 26. exd4
{[%clk 00:27:57]} {[%emt 00:05:37]} exd4 {[%clk 00:37:01]} {[%emt 00:02:40]}
27. Rc8 {[%clk 00:26:07]} {[%emt 00:02:22]} Rxc8 {[%clk 00:32:33]} {[%emt
00:04:57]} 28. Nxc8 {[%clk 00:26:34]} {[%emt 00:00:03]} Nd5 {[%clk 00:32:49]}
{[%emt 00:00:13]} 29. Nd6 {[%clk 00:21:18]} {[%emt 00:05:47]} Kf8 {[%clk
00:31:25]} {[%emt 00:01:54]} 30. Kf1 {[%clk 00:19:36]} {[%emt 00:02:11]} g6
{[%clk 00:27:18]} {[%emt 00:04:37]} 31. Nb5 {[%clk 00:16:54]} {[%emt 00:03:13]}
d3 {[%clk 00:25:33]} {[%emt 00:02:14]} 32. Ke1 {[%clk 00:16:28]} {[%emt
00:00:57]} Ke7 {[%clk 00:23:48]} {[%emt 00:02:13]} 33. Kd2 {[%clk 00:15:00]}
{[%emt 00:01:59]} Kd7 {[%clk 00:21:54]} {[%emt 00:02:25]} 34. a4 {[%clk
00:14:11]} {[%emt 00:01:19]} Kc6 {[%clk 00:20:20]} {[%emt 00:02:03]} 35. g3
{[%clk 00:09:14]} {[%emt 00:05:29]} Nb4 {[%clk 00:20:17]} {[%emt 00:00:32]} 36.
Kc3 {[%clk 00:09:43]} {[%emt 00:00:02]} Kc5 {[%clk 00:20:07]} {[%emt 00:00:39]}
37. Nc7 {[%clk 00:09:02]} {[%emt 00:01:10]} Kc6 {[%clk 00:18:37]} {[%emt
00:02:01]} 38. Ne8 {[%clk 00:08:51]} {[%emt 00:00:41]} f5 {[%clk 00:15:34]}
{[%emt 00:03:33]} 39. Nf6 {[%clk 00:08:09]} {[%emt 00:01:12]} h5 {[%clk
00:12:56]} {[%emt 00:03:07]} 40. Nh7 {[%clk 00:07:30]} {[%emt 00:01:10]} Kd5
{[%clk 00:08:57]} {[%emt 00:04:29]} 41. Ng5 {[%clk 00:06:20]} {[%emt 00:01:41]}
Kd6 {[%clk 00:07:58]} {[%emt 00:01:28]} 42. Nf3 {[%clk 00:06:19]} {[%emt
00:00:30]} Kc5 {[%clk 00:05:16]} {[%emt 00:03:12]} 43. Ne5 {[%clk 00:05:17]}
{[%emt 00:01:33]} Kd5 {[%clk 00:04:50]} {[%emt 00:00:56]} 44. Nxd3 {[%clk
00:04:57]} {[%emt 00:00:50]} Nxd3 {[%clk 00:04:49]} {[%emt 00:00:31]} 45. Kxd3
{[%clk 00:05:17]} {[%emt 00:00:10]} Kc5 {[%clk 00:05:18]} 46. Ke3 {[%clk
00:05:31]} {[%emt 00:00:16]} g5 {[%clk 00:04:42]} {[%emt 00:01:07]} 47. a5
{[%clk 00:04:26]} {[%emt 00:01:34]} Kb5 {[%clk 00:02:51]} {[%emt 00:02:21]} 48.
b4 {[%clk 00:04:50]} {[%emt 00:00:06]} Ka6 {[%clk 00:02:59]} {[%emt 00:00:22]}
49. Kd4 {[%clk 00:05:11]} {[%emt 00:00:08]} Kb5 {[%clk 00:03:08]} {[%emt
00:00:22]} 50. Ke5 {[%clk 00:05:34]} 1-0

[Event "ODJM B 2024"]
[Site "Willingen GER"]
[Date "2024.05.19"]
[Round "1"]
[White "Fize, Aleksandrs"]
[Black "Stettner, Oskar"]
[Result "1-0"]
[Termination "normal"]
[Board "22"]
[WhiteElo "1609"]
[BlackElo "1672"]
[WhiteClock "00:30:46"]
[BlackClock "00:09:43"]
[PlyCount "69"]
[WhiteFideId "34623779"]
[BlackFideId "34617035"]
[EventCountry "GER"]
[EventRounds "9"]
[EventType "swiss"]
[EventDate "2024.05.18"]

1. d4 {[%clk 01:30:58]} {[%emt 00:00:01]} d5 {[%clk 01:30:54]} {[%emt
00:00:07]} 2. Nc3 {[%clk 01:31:19]} {[%emt 00:00:09]} Nf6 {[%clk 01:24:17]}
{[%emt 00:07:07]} 3. Bf4 {[%clk 01:31:42]} {[%emt 00:00:06]} c5 {[%clk
01:24:46]} {[%emt 00:00:02]} 4. e3 {[%clk 01:31:54]} {[%emt 00:00:17]} cxd4
{[%clk 01:25:13]} {[%emt 00:00:03]} 5. exd4 {[%clk 01:32:16]} {[%emt 00:00:07]}
Bg4 {[%clk 01:25:23]} {[%emt 00:00:22]} 6. Be2 {[%clk 01:29:19]} {[%emt
00:03:25]} Bxe2 {[%clk 01:22:40]} {[%emt 00:03:14]} 7. Ngxe2 {[%clk 01:29:40]}
{[%emt 00:00:09]} Nc6 {[%clk 01:21:22]} {[%emt 00:01:48]} 8. O-O {[%clk
01:28:47]} {[%emt 00:01:23]} e6 {[%clk 01:19:57]} {[%emt 00:01:55]} 9. Qd2
{[%clk 01:19:48]} {[%emt 00:09:29]} Rc8 {[%clk 01:11:26]} {[%emt 00:09:01]} 10.
Rfe1 {[%clk 01:15:29]} {[%emt 00:04:49]} Na5 {[%clk 01:09:58]} {[%emt
00:01:58]} 11. b3 {[%clk 01:13:25]} {[%emt 00:02:34]} Bb4 {[%clk 01:00:33]}
{[%emt 00:09:55]} 12. Qd3 {[%clk 01:13:26]} {[%emt 00:00:29]} O-O {[%clk
01:00:28]} {[%emt 00:00:35]} 13. a3 {[%clk 01:13:27]} {[%emt 00:00:29]} Bd6
{[%clk 01:00:23]} {[%emt 00:00:35]} 14. Bxd6 {[%clk 01:11:59]} {[%emt
00:01:57]} Qxd6 {[%clk 00:58:45]} {[%emt 00:02:09]} 15. Na4 {[%clk 01:01:54]}
{[%emt 00:10:35]} a6 {[%clk 00:46:34]} {[%emt 00:12:41]} 16. Nc5 {[%clk
00:57:38]} {[%emt 00:04:45]} Nd7 {[%clk 00:38:27]} {[%emt 00:08:38]} 17. b4
{[%clk 00:54:33]} {[%emt 00:03:35]} Nc4 {[%clk 00:33:53]} {[%emt 00:05:04]} 18.
Nxb7 {[%clk 00:54:53]} {[%emt 00:00:09]} Qc6 {[%clk 00:30:17]} {[%emt
00:04:07]} 19. Nc5 {[%clk 00:55:12]} {[%emt 00:00:11]} Rb8 {[%clk 00:19:07]}
{[%emt 00:11:39]} 20. Nxd7 {[%clk 00:53:39]} {[%emt 00:02:03]} Qxd7 {[%clk
00:19:29]} {[%emt 00:00:09]} 21. c3 {[%clk 00:53:17]} {[%emt 00:00:52]} Rfc8
{[%clk 00:18:27]} {[%emt 00:01:32]} 22. Qc2 {[%clk 00:49:23]} {[%emt 00:04:23]}
Nd6 {[%clk 00:16:14]} {[%emt 00:02:44]} 23. Qd3 {[%clk 00:43:38]} {[%emt
00:06:15]} Qa4 {[%clk 00:12:46]} {[%emt 00:03:58]} 24. Rec1 {[%clk 00:40:06]}
{[%emt 00:04:02]} Rc6 {[%clk 00:09:21]} {[%emt 00:03:56]} 25. h3 {[%clk
00:36:59]} {[%emt 00:03:36]} Rbc8 {[%clk 00:08:18]} {[%emt 00:01:34]} 26. Qc2
{[%clk 00:31:07]} {[%emt 00:06:22]} Qxc2 {[%clk 00:07:01]} {[%emt 00:01:46]}
27. Rxc2 {[%clk 00:31:24]} {[%emt 00:00:13]} Nb5 {[%clk 00:07:30]} 28. a4
{[%clk 00:29:13]} {[%emt 00:02:40]} Nxc3 {[%clk 00:07:59]} {[%emt 00:00:02]}
29. Nxc3 {[%clk 00:29:35]} {[%emt 00:00:09]} Rxc3 {[%clk 00:08:26]} {[%emt
00:00:02]} 30. Rxc3 {[%clk 00:29:58]} {[%emt 00:00:07]} Rxc3 {[%emt 00:00:13]}
31. b5 {[%clk 00:30:14]} {[%emt 00:00:12]} axb5 {[%clk 00:09:07]} {[%emt
00:00:08]} 32. axb5 {[%clk 00:30:38]} {[%emt 00:00:06]} Rc8 {[%clk 00:09:23]}
{[%emt 00:00:15]} 33. b6 {[%clk 00:30:59]} {[%emt 00:00:08]} Kf8 {[%clk
00:09:19]} {[%emt 00:00:34]} 34. b7 {[%clk 00:30:23]} {[%emt 00:01:07]} Rd8
{[%clk 00:09:43]} {[%emt 00:00:05]} 35. Ra8 {[%clk 00:30:46]} {[%emt 00:00:06]}
1-0